[Event "9. Copenhagen Open Politiken Cup"]
[Site "Copenhagen"]
[Date "1987.??.??"]
[Round "7"]
[White "Wicker, Kevin J"]
[Black "Knudsen, Jes West"]
[Result "1/2-1/2"]
[WhiteElo "2295"]
[BlackElo "2215"]
[PlyCount "126"]
[EventDate "1987.??.??"]
[EventType "swiss"]
[EventRounds "10"]
[EventCountry "DEN"]
[SourceDate "2004.01.01"]

1. d4 f5 2. g3 Nf6 3. Bg2 d5 4. Nd2 Nc6 5. Ndf3 e6 6. Nh3 Bd7 7. Nf4 Bd6 8. Nd3
Qe7 9. Bf4 Bxf4 10. gxf4 O-O-O 11. e3 Ne4 12. Nfe5 Nxe5 13. Bxe4 dxe4 14. Nxe5
Be8 15. c3 g5 16. fxg5 Qxg5 17. Qb3 Bh5 18. Kd2 Qf6 19. Kc2 f4 20. Rae1 Rhg8
21. exf4 Qf5 22. Re3 Rg2 23. Qa3 Rd6 24. Kb1 Qxf4 25. Nc4 Ra6 26. Qc5 Qxf2 27.
Qxh5 Qc2+ 28. Ka1 Qa4 29. a3 b5 30. Re2 Rxe2 31. Qxe2 bxc4 32. Rg1 Qb3 33. Rg8+
Kd7 34. Rg7+ Kd6 35. h4 Ra5 36. Rxh7 Rf5 37. Qh2+ e5 38. dxe5+ Kc6 39. Qe2 Rxe5
40. Qd2 Kb7 41. Qd7 Qb6 42. Rh8 Qd6 43. Qc8+ Kb6 44. Qb8+ Ka6 45. Rd8 Qb6 46.
Qc8+ Ka5 47. Qg4 Qc6 48. Rd4 Qe6 49. Qe2 Kb5 50. a4+ Kc5 51. b4+ Kb6 52. Rxc4
e3 53. Re4 c5 54. bxc5+ Kb7 55. Rb4+ Kc7 56. Qg2 e2 57. Qb7+ Kd8 58. Qb8+ Ke7
59. Rb7+ Kf6 60. Qf8+ Kg6 61. Rg7+ Kh5 62. Rh7+ Kg4 63. Rg7+ Kh5 1/2-1/2

[Event "9. Copenhagen Open Politiken Cup"]
[Site "Copenhagen"]
[Date "1987.??.??"]
[Round "8"]
[White "Bartels, Hans A"]
[Black "Berg, Klaus"]
[Result "1-0"]
[WhiteElo "2315"]
[BlackElo "2365"]
[PlyCount "81"]
[EventDate "1987.??.??"]
[EventType "swiss"]
[EventRounds "10"]
[EventCountry "DEN"]
[SourceDate "2004.01.01"]

1. d4 Nf6 2. c4 c5 3. d5 b5 4. cxb5 a6 5. bxa6 g6 6. Nc3 Bxa6 7. e4 Bxf1 8.
Kxf1 d6 9. Nf3 Bg7 10. h3 O-O 11. Kg1 Nbd7 12. Kh2 Qa5 13. Re1 Rfb8 14. Re2 Ne8
15. Rc2 Qa6 16. Qe1 Qd3 17. Qe2 Qxe2 18. Rxe2 Nc7 19. Bg5 Bxc3 20. bxc3 f6 21.
Be3 Ra4 22. Rc2 Kf7 23. Nd2 f5 24. exf5 gxf5 25. c4 Na6 26. Bg5 Nb4 27. Rc3 Ne5
28. a3 Rba8 29. f4 Ng6 30. Nf1 Rh8 31. Bh6 Na6 32. Ng3 Rb8 33. Nxf5 Rb2 34. h4
Kf6 35. Ng3 Kf7 36. h5 Nh4 37. Rg1 Ra2 38. Kh3 Nxg2 39. Rxg2 R2xa3 40. Rxa3
Rxa3 41. Re2 1-0

[Event "9. Copenhagen Open Politiken Cup"]
[Site "Copenhagen"]
[Date "1987.??.??"]
[Round "8"]
[White "Becx, Cesar"]
[Black "Danielsen, Henrik"]
[Result "1-0"]
[WhiteElo "2295"]
[BlackElo "2405"]
[PlyCount "63"]
[EventDate "1987.??.??"]
[EventType "swiss"]
[EventRounds "10"]
[EventCountry "DEN"]
[SourceDate "2004.01.01"]

1. f4 d5 2. Nf3 Nf6 3. g3 g6 4. Bg2 Bg7 5. O-O O-O 6. d3 b6 7. c3 Bb7 8. h3 c5
9. g4 Nc6 10. Qe1 d4 11. c4 Qc7 12. Nh2 a6 13. Na3 Rab8 14. Qh4 Na5 15. Bxb7
Nxb7 16. f5 Rfe8 17. Bh6 Nd6 18. Rf2 b5 19. cxb5 axb5 20. Rc1 b4 21. Nc2 Qa5
22. Rcf1 Bxh6 23. Qxh6 Qxa2 24. Nf3 Kh8 25. fxg6 fxg6 26. Ne5 Qg8 27. e4 dxe3
28. Nxe3 Qg7 29. Qh4 Kg8 30. g5 Nh5 31. N3g4 Kh8 32. Rf7 1-0

[Event "9. Copenhagen Open Politiken Cup"]
[Site "Copenhagen"]
[Date "1987.??.??"]
[Round "8"]
[White "Brinck Claussen, Bjorn"]
[Black "Conquest, Stuart"]
[Result "1-0"]
[WhiteElo "2395"]
[BlackElo "2445"]
[PlyCount "71"]
[EventDate "1987.??.??"]
[EventType "swiss"]
[EventRounds "10"]
[EventCountry "DEN"]
[SourceDate "2004.01.01"]

1. d4 Nf6 2. c4 g6 3. Nc3 d5 4. Nf3 Bg7 5. Bf4 O-O 6. Rc1 c5 7. dxc5 Be6 8. Nd4
Nc6 9. Nxe6 fxe6 10. e3 Qa5 11. Be2 Rad8 12. Qa4 Qxc5 13. O-O Qb6 14. Qb5 Qxb5
15. cxb5 Nb8 16. Bc7 Rc8 17. Na4 Nbd7 18. b6 axb6 19. Bb5 Ra8 20. b4 Ra7 21. g4
h6 22. h4 Nb8 23. Bxb6 Ra8 24. Nc5 Kf7 25. g5 hxg5 26. hxg5 Ng4 27. Nxb7 Rxa2
28. Nd8+ Kg8 29. Nxe6 Rf3 30. e4 Be5 31. Rc8+ Kh7 32. exd5 Na6 33. Bc4 Raa3 34.
Re1 Nxb4 35. Re4 Nc2 36. Rxg4 1-0

[Event "9. Copenhagen Open Politiken Cup"]
[Site "Copenhagen"]
[Date "1987.??.??"]
[Round "8"]
[White "Douven, Rudy C"]
[Black "Stein, Bernd"]
[Result "1/2-1/2"]
[WhiteElo "2425"]
[BlackElo "2385"]
[PlyCount "70"]
[EventDate "1987.??.??"]
[EventType "swiss"]
[EventRounds "10"]
[EventCountry "DEN"]
[SourceDate "2004.01.01"]

1. d4 Nf6 2. Nf3 d6 3. c4 Nbd7 4. Nc3 e5 5. e4 Be7 6. Be2 O-O 7. O-O c6 8. Re1
a6 9. Rb1 b5 10. b4 Qc7 11. Qc2 Re8 12. a4 exd4 13. Nxd4 bxc4 14. Bxc4 Ne5 15.
Ba2 Bf8 16. Bg5 c5 17. Nd5 Nxd5 18. Bxd5 Ra7 19. Rec1 Qd7 20. Nf5 Bb7 21. Ne3
cxb4 22. a5 Rc8 23. Qb3 Rxc1+ 24. Rxc1 Qb5 25. Bd8 Bxd5 26. Nxd5 Qe2 27. Qc2
Qg4 28. h3 b3 29. hxg4 bxc2 30. Rxc2 Ra8 31. Bb6 Nxg4 32. Nc7 Rc8 33. Ra2 Be7
34. f3 Bd8 35. Rb2 f6 1/2-1/2

[Event "9. Copenhagen Open Politiken Cup"]
[Site "Copenhagen"]
[Date "1987.??.??"]
[Round "8"]
[White "Fries Nielsen, Jens Ove"]
[Black "Jansa, Vlastimil"]
[Result "1-0"]
[WhiteElo "2350"]
[BlackElo "2465"]
[PlyCount "113"]
[EventDate "1987.??.??"]
[EventType "swiss"]
[EventRounds "10"]
[EventCountry "DEN"]
[SourceDate "2004.01.01"]

1. g3 g6 2. Bg2 Bg7 3. d3 c5 4. e4 Nc6 5. f4 d6 6. Nf3 e5 7. O-O Nge7 8. fxe5
dxe5 9. Be3 b6 10. c4 O-O 11. Nc3 Bg4 12. Qd2 Nd4 13. Ng5 f6 14. Nh3 Qd7 15.
Nf2 Be6 16. Nd5 Rf7 17. Bh6 Raf8 18. Bxg7 Kxg7 19. Rae1 Nc8 20. h4 h5 21. Nd1
Bxd5 22. cxd5 Nd6 23. Ne3 f5 24. exf5 gxf5 25. Nc4 Nxc4 26. Qg5+ Kh8 27. dxc4
Rg8 28. Qh6+ Rh7 29. Qf6+ Qg7 30. Qxe5 Qxe5 31. Rxe5 Rxg3 32. Re8+ Rg8 33.
Rxg8+ Kxg8 34. Re1 Kf8 35. Kf2 Rf7 36. Bh3 Re7 37. Rxe7 Kxe7 38. Bg2 Kf6 39.
Bf3 Kg6 40. Ke3 b5 41. cxb5 Nxb5 42. Kf4 Kf6 43. Bxh5 Nd6 44. Be2 Nc8 45. h5
Nb6 46. Bf3 Nc4 47. b3 Nd6 48. Be2 Ne4 49. Bc4 a5 50. h6 Nd6 51. h7 Kg7 52. Ke5
Nb7 53. Kxf5 Kxh7 54. Ke6 Kg7 55. Ke7 a4 56. d6 axb3 57. axb3 1-0

[Event "9. Copenhagen Open Politiken Cup"]
[Site "Copenhagen"]
[Date "1987.??.??"]
[Round "8"]
[White "Hamann, Svend"]
[Black "Horvath, Tamas"]
[Result "0-1"]
[WhiteElo "2385"]
[BlackElo "2395"]
[PlyCount "78"]
[EventDate "1987.??.??"]
[EventType "swiss"]
[EventRounds "10"]
[EventCountry "DEN"]
[SourceDate "2004.01.01"]

1. d4 Nf6 2. c4 e6 3. Nf3 c5 4. e3 d5 5. Nc3 a6 6. cxd5 exd5 7. Be2 Nc6 8. O-O
Bd6 9. dxc5 Bxc5 10. Nd4 O-O 11. Nxc6 bxc6 12. b3 Bd6 13. Bb2 Re8 14. Rc1 Bd7
15. Bf3 Rb8 16. Re1 Qe7 17. e4 Qe5 18. g3 d4 19. Ne2 c5 20. Nf4 Bb5 21. a4 g5
22. axb5 gxf4 23. bxa6 h5 24. Kh1 Kh8 25. a7 Rb7 26. gxf4 Qxf4 27. e5 Rxa7 28.
Rg1 Rxe5 29. Rg2 Rg5 30. Rg3 Ra2 31. Rc2 Rxg3 32. fxg3 Qf5 33. Rg2 Kg8 34. b4
Ng4 35. bxc5 Bxc5 36. Bxd4 Rxg2 37. Bxg4 hxg4 38. Bxc5 Rb2 39. Qd8+ Kh7 0-1

[Event "9. Copenhagen Open Politiken Cup"]
[Site "Copenhagen"]
[Date "1987.??.??"]
[Round "8"]
[White "Hazai, Laszlo"]
[Black "Grooten, Herman"]
[Result "1-0"]
[WhiteElo "2465"]
[BlackElo "2340"]
[PlyCount "81"]
[EventDate "1987.??.??"]
[EventType "swiss"]
[EventRounds "10"]
[EventCountry "DEN"]
[SourceDate "2004.01.01"]

1. e4 c5 2. Nf3 e6 3. d4 cxd4 4. Nxd4 Nf6 5. Nc3 d6 6. f4 a6 7. Qf3 Qb6 8. Nb3
Qc7 9. Bd3 Nbd7 10. g4 h6 11. h4 h5 12. g5 Ng4 13. g6 Ndf6 14. Bd2 b5 15. O-O-O
Bb7 16. gxf7+ Qxf7 17. Na5 Rc8 18. Nxb7 Qxb7 19. Qe2 e5 20. a4 Be7 21. axb5 Rb8
22. b3 axb5 23. Bxb5+ Kf7 24. Bc4+ Kg6 25. Kb2 Qa7 26. Ra1 Qd4 27. Ra4 Qc5 28.
f5+ Kh7 29. Bg5 Rhc8 30. Nd5 Nxd5 31. Bxd5 Qc3+ 32. Kb1 Bf6 33. Rd1 Rc7 34. Bc4
Qh3 35. Rd3 Qh1+ 36. Kb2 Rb6 37. Be6 Bxg5 38. hxg5 Qh4 39. Qd2 Rb8 40. Rxd6 Nf2
41. Rd8 1-0

[Event "9. Copenhagen Open Politiken Cup"]
[Site "Copenhagen"]
[Date "1987.??.??"]
[Round "8"]
[White "Jakobsen, Ole"]
[Black "Hutters, Tomas"]
[Result "1-0"]
[WhiteElo "2400"]
[BlackElo "2335"]
[PlyCount "87"]
[EventDate "1987.??.??"]
[EventType "swiss"]
[EventRounds "10"]
[EventCountry "DEN"]
[SourceDate "2004.01.01"]

1. Nf3 Nf6 2. g3 g6 3. Bg2 Bg7 4. O-O O-O 5. c4 d5 6. cxd5 Nxd5 7. d4 Nc6 8.
Nc3 Nb6 9. e3 e5 10. d5 Na5 11. e4 Bg4 12. h3 Bxf3 13. Qxf3 c5 14. Be3 Qd6 15.
Qe2 Nbc4 16. Bc1 Qd7 17. b3 Nd6 18. Bd2 b6 19. h4 f5 20. Bh3 Nab7 21. a4 Qe7
22. h5 gxh5 23. Qxh5 Nxe4 24. Nxe4 fxe4 25. Bf5 Bf6 26. Bh6 Rfe8 27. Bxe4 Nd6
28. f3 Kh8 29. Kg2 Rg8 30. Rh1 Rac8 31. Bxh7 Qxh7 32. Bf8 Rc7 33. Bxd6 Qxh5 34.
Rxh5+ Rh7 35. Rxh7+ Kxh7 36. Re1 Rg5 37. Bb8 a6 38. Ba7 e4 39. fxe4 Be5 40. Re3
Rg6 41. a5 Bd4 42. Re2 Be5 43. Re3 Bd4 44. Re1 1-0

[Event "9. Copenhagen Open Politiken Cup"]
[Site "Copenhagen"]
[Date "1987.??.??"]
[Round "8"]
[White "Karlsson, Lars"]
[Black "Mortensen, Erling"]
[Result "1-0"]
[WhiteElo "2480"]
[BlackElo "2440"]
[PlyCount "71"]
[EventDate "1987.??.??"]
[EventType "swiss"]
[EventRounds "10"]
[EventCountry "DEN"]
[SourceDate "2004.01.01"]

1. c4 Nf6 2. Nc3 g6 3. g3 Bg7 4. Bg2 O-O 5. e3 c6 6. d4 d5 7. b3 Be6 8. Nge2
dxc4 9. Nf4 Bf5 10. bxc4 e5 11. Nfe2 Re8 12. O-O exd4 13. Nxd4 Ne4 14. Bb2 Nxc3
15. Bxc3 Be4 16. Bxe4 Rxe4 17. Nf5 Qxd1 18. Raxd1 Bf8 19. Rd8 gxf5 20. Rfd1
Rxc4 21. Be5 Nd7 22. R1xd7 Rxd8 23. Rxd8 Ra4 24. Bd6 Rxa2 25. Bxf8 h5 26. Bb4+
Kg7 27. Bc3+ Kg6 28. Rd6+ Kh7 29. Rd7 Rc2 30. Be5 b5 31. Rxf7+ Kg6 32. Rg7+ Kh6
33. Rxa7 b4 34. Rb7 c5 35. Rb6+ Kh7 36. Rb5 1-0

[Event "9. Copenhagen Open Politiken Cup"]
[Site "Copenhagen"]
[Date "1987.??.??"]
[Round "8"]
[White "Lanc, Alois"]
[Black "Pavlovic, Milos"]
[Result "0-1"]
[WhiteElo "2495"]
[BlackElo "2350"]
[PlyCount "70"]
[EventDate "1987.??.??"]
[EventType "swiss"]
[EventRounds "10"]
[EventCountry "DEN"]
[SourceDate "2004.01.01"]

1. e4 e5 2. Nf3 Nc6 3. Bb5 a6 4. Ba4 Nf6 5. O-O Be7 6. Re1 b5 7. Bb3 O-O 8. c3
d5 9. exd5 Nxd5 10. Nxe5 Nxe5 11. Rxe5 c6 12. d4 Bd6 13. Re2 Qh4 14. g3 Qh3 15.
Qf1 Qh5 16. f3 Bf5 17. Qg2 Bd3 18. Bxd5 Qxd5 19. Re3 Rae8 20. Qf2 Bxb1 21. Rxb1
Qxa2 22. Qc2 a5 23. Bd2 a4 24. Kg2 Rxe3 25. Bxe3 Re8 26. Bf4 Bf8 27. Rf1 c5 28.
dxc5 Bxc5 29. Rd1 a3 30. Rd2 Qa1 31. bxa3 Qg1+ 32. Kh3 Qf1+ 33. Rg2 Qxf3 34.
Qf5 Bd6 35. Qxb5 Re5 0-1

[Event "9. Copenhagen Open Politiken Cup"]
[Site "Copenhagen"]
[Date "1987.??.??"]
[Round "8"]
[White "Lukacs, Peter"]
[Black "Hoi, Carsten"]
[Result "1/2-1/2"]
[WhiteElo "2500"]
[BlackElo "2355"]
[PlyCount "101"]
[EventDate "1987.??.??"]
[EventType "swiss"]
[EventRounds "10"]
[EventCountry "DEN"]
[SourceDate "2004.01.01"]

1. d4 g6 2. c4 Bg7 3. e4 d6 4. Nc3 e5 5. Nf3 Nc6 6. dxe5 Nxe5 7. Nxe5 dxe5 8.
Qxd8+ Kxd8 9. Bg5+ f6 10. O-O-O+ Bd7 11. Be2 Ke8 12. Be3 Ne7 13. Rd2 a6 14.
Rhd1 Be6 15. Nd5 Bxd5 16. cxd5 Nc8 17. Rc2 Kd8 18. Kb1 Rf8 19. Rdc1 Rf7 20. Bg4
f5 21. exf5 gxf5 22. Bh5 Rd7 23. Bg5+ Ne7 24. Bf7 h6 25. Bh4 e4 26. Be6 Be5 27.
Bxf5 Rxd5 28. Bxe4 Rd4 29. Re1 Rb8 30. f4 Bd6 31. f5 c6 32. Bf6 Rb4 33. Bc3 Rb5
34. Rd2 Nd5 35. Bxd5 Rxd5 36. Rxd5 cxd5 37. Re6 Kd7 38. Rxh6 Re8 39. g4 Re4 40.
g5 d4 41. Bd2 Re2 42. Kc1 Rf2 43. Kd1 d3 44. Rh3 Rf1+ 45. Be1 d2 46. Kxd2 Bb4+
47. Kc2 Bxe1 48. f6 Ke6 49. Rh7 Kf5 50. h4 b5 51. Rh8 1/2-1/2

[Event "9. Copenhagen Open Politiken Cup"]
[Site "Copenhagen"]
[Date "1987.??.??"]
[Round "8"]
[White "Plachetka, Jan"]
[Black "Horvath, Gyula"]
[Result "0-1"]
[WhiteElo "2435"]
[BlackElo "2435"]
[PlyCount "58"]
[EventDate "1987.??.??"]
[EventType "swiss"]
[EventRounds "10"]
[EventCountry "DEN"]
[SourceDate "2004.01.01"]

1. e4 e5 2. Nf3 Nc6 3. Bb5 f5 4. Nc3 Nf6 5. d4 exd4 6. Nxd4 fxe4 7. O-O Be7 8.
Nf5 O-O 9. Bg5 d5 10. Nxe7+ Nxe7 11. f3 c6 12. Be2 exf3 13. Rxf3 Bf5 14. Qe1
Qd7 15. Qh4 Ng6 16. Qd4 Ne4 17. Nxe4 Bxe4 18. Rxf8+ Rxf8 19. c4 h6 20. Be3 Nh4
21. cxd5 cxd5 22. Rf1 Rxf1+ 23. Bxf1 Qg4 24. Qxa7 Nxg2 25. h3 Qxh3 26. Qb8+ Kh7
27. Bd4 Qg4 28. Kf2 Qf3+ 29. Kg1 Nf4 0-1

[Event "9. Copenhagen Open Politiken Cup"]
[Site "Copenhagen"]
[Date "1987.??.??"]
[Round "8"]
[White "Poulsen, Allan"]
[Black "Clausen, Steen"]
[Result "1-0"]
[WhiteElo "2330"]
[BlackElo "2270"]
[PlyCount "67"]
[EventDate "1987.??.??"]
[EventType "swiss"]
[EventRounds "10"]
[EventCountry "DEN"]
[SourceDate "2004.01.01"]

1. e4 d6 2. d4 Nf6 3. Nc3 g6 4. Be3 Bg7 5. f3 O-O 6. Qd2 e5 7. Nge2 exd4 8.
Nxd4 Nc6 9. O-O-O Nxd4 10. Bxd4 Be6 11. g4 c5 12. Be3 Qa5 13. Bh6 Bxa2 14. Bxg7
Kxg7 15. Nxa2 Qxa2 16. Qc3 d5 17. Rxd5 Rad8 18. g5 Rxd5 19. exd5 Kg8 20. gxf6
Qa1+ 21. Kd2 Rd8 22. Qe5 c4 23. Bg2 Qa5+ 24. Ke2 Qb5 25. Kf2 Re8 26. Qd4 c3 27.
Bf1 Qxb2 28. Bd3 Qa3 29. d6 Rd8 30. Re1 h5 31. d7 Qa5 32. Re8+ Kh7 33. Rxd8
Qxd8 34. Kg2 1-0

[Event "9. Copenhagen Open Politiken Cup"]
[Site "Copenhagen"]
[Date "1987.??.??"]
[Round "8"]
[White "Yrjola, Jouni"]
[Black "Crawley, Gavin"]
[Result "1-0"]
[WhiteElo "2415"]
[BlackElo "2345"]
[PlyCount "67"]
[EventDate "1987.??.??"]
[EventType "swiss"]
[EventRounds "10"]
[EventCountry "DEN"]
[SourceDate "2004.01.01"]

1. d4 Nf6 2. c4 e6 3. Nf3 b6 4. Nc3 Bb4 5. Qb3 c5 6. dxc5 bxc5 7. g3 Nc6 8. Bg2
Na5 9. Qc2 Nxc4 10. Nd2 Ba6 11. Qa4 Na5 12. Bxa8 Qxa8 13. O-O Nd5 14. Nde4 Nb6
15. Qd1 d5 16. a3 Bxc3 17. Nxc5 Bxe2 18. Qxe2 Bd4 19. Nxe6 fxe6 20. Qxe6+ Kd8
21. Bg5+ Kc7 22. Qe7+ Kc6 23. Rac1+ Nbc4 24. Qb4 Bc5 25. Qa4+ Kb6 26. b4 Bxf2+
27. Rxf2 Nc6 28. Rxc4 dxc4 29. Be3+ Kc7 30. Rf7+ Kd6 31. Qd1+ Ke5 32. Bf4+ Ke4
33. Qe2+ Kd4 34. Qe3+ 1-0

[Event "9. Copenhagen Open Politiken Cup"]
[Site "Copenhagen"]
[Date "1987.??.??"]
[Round "9"]
[White "Berg, Klaus"]
[Black "Bjerring, Kai"]
[Result "1/2-1/2"]
[WhiteElo "2365"]
[BlackElo "2280"]
[PlyCount "48"]
[EventDate "1987.??.??"]
[EventType "swiss"]
[EventRounds "10"]
[EventCountry "DEN"]
[SourceDate "2004.01.01"]

1. Nf3 Nf6 2. c4 g6 3. Nc3 d5 4. cxd5 Nxd5 5. Qa4+ c6 6. Nxd5 Qxd5 7. e4 Qd8 8.
d4 Bg7 9. Be2 O-O 10. O-O Nd7 11. Rd1 Nf6 12. Qc2 Bg4 13. h3 Bxf3 14. Bxf3 e6
15. Be3 Qd7 16. Rac1 Rfd8 17. Qb3 Qe7 18. Rc2 Rd7 19. Rcd2 h6 20. g3 Kh7 21.
Bg2 Rad8 22. Qa4 a6 23. Qa5 Ne8 24. b3 Nd6 1/2-1/2

[Event "9. Copenhagen Open Politiken Cup"]
[Site "Copenhagen"]
[Date "1987.??.??"]
[Round "9"]
[White "Crawley, Gavin"]
[Black "Conquest, Stuart"]
[Result "0-1"]
[WhiteElo "2345"]
[BlackElo "2445"]
[PlyCount "40"]
[EventDate "1987.??.??"]
[EventType "swiss"]
[EventRounds "10"]
[EventCountry "DEN"]
[SourceDate "2004.01.01"]

1. e4 c5 2. Nf3 d6 3. d4 cxd4 4. Nxd4 Nf6 5. Nc3 g6 6. f4 Bg7 7. Bc4 O-O 8. Nf3
Nc6 9. O-O b5 10. Bd5 Nxd5 11. Nxd5 e6 12. Ne3 f5 13. exf5 gxf5 14. a4 b4 15.
Qd3 Qb6 16. Re1 Nd4 17. Nxd4 Qxd4 18. Qb3 Qxf4 19. Nc4 Qg4 20. Nxd6 Qd4+ 0-1

[Event "9. Copenhagen Open Politiken Cup"]
[Site "Copenhagen"]
[Date "1987.??.??"]
[Round "9"]
[White "Danielsen, Henrik"]
[Black "Jakobsen, Ole"]
[Result "1/2-1/2"]
[WhiteElo "2405"]
[BlackElo "2400"]
[PlyCount "67"]
[EventDate "1987.??.??"]
[EventType "swiss"]
[EventRounds "10"]
[EventCountry "DEN"]
[SourceDate "2004.01.01"]

1. d4 Nf6 2. Nf3 d6 3. c4 Nbd7 4. Nc3 c6 5. Bg5 h6 6. Bh4 g5 7. Bg3 Nh5 8. e3
Bg7 9. Be2 Nxg3 10. hxg3 Nf6 11. O-O Bf5 12. b4 Qd7 13. c5 Nd5 14. Nxd5 cxd5
15. Qd2 O-O 16. Rfc1 Rfc8 17. a4 g4 18. Ne1 e5 19. a5 a6 20. Bd1 dxc5 21. bxc5
Qe7 22. Bc2 Be6 23. Rcb1 Rc7 24. Rb6 Rd8 25. Rd1 e4 26. Bb3 h5 27. Rb1 Bf8 28.
Ba2 Bc8 29. Nc2 Qg5 30. Kf1 h4 31. gxh4 Qxh4 32. g3 Qh1+ 33. Ke2 Qf3+ 34. Ke1
1/2-1/2

[Event "9. Copenhagen Open Politiken Cup"]
[Site "Copenhagen"]
[Date "1987.??.??"]
[Round "9"]
[White "Douven, Rudy C"]
[Black "Fries Nielsen, Jens Ove"]
[Result "1/2-1/2"]
[WhiteElo "2425"]
[BlackElo "2350"]
[PlyCount "62"]
[EventDate "1987.??.??"]
[EventType "swiss"]
[EventRounds "10"]
[EventCountry "DEN"]
[SourceDate "2004.01.01"]

1. d4 Nf6 2. Nf3 e6 3. c4 c5 4. d5 exd5 5. cxd5 d6 6. Nc3 g6 7. e4 Bg7 8. Nd2
O-O 9. Be2 Re8 10. O-O Nbd7 11. Re1 a6 12. a4 h6 13. Qc2 Ne5 14. Nf1 Rb8 15. f4
Ned7 16. Bd2 c4 17. Bxc4 b5 18. axb5 axb5 19. Bd3 b4 20. Na4 Qa5 21. Qd1 Ba6
22. Qf3 Bxd3 23. Qxd3 Nc5 24. Nxc5 Qxc5+ 25. Be3 Qb5 26. Qxb5 Rxb5 27. Bd4 Rxe4
28. Rxe4 Nxe4 29. Bxg7 Kxg7 30. Ne3 Rc5 31. g3 f5 1/2-1/2

[Event "9. Copenhagen Open Politiken Cup"]
[Site "Copenhagen"]
[Date "1987.??.??"]
[Round "9"]
[White "Hoi, Carsten"]
[Black "Lanc, Alois"]
[Result "1-0"]
[WhiteElo "2355"]
[BlackElo "2495"]
[PlyCount "51"]
[EventDate "1987.??.??"]
[EventType "swiss"]
[EventRounds "10"]
[EventCountry "DEN"]
[SourceDate "2004.01.01"]

1. d4 Nf6 2. Nc3 d5 3. Bg5 Nbd7 4. Nf3 c6 5. e3 Qb6 6. Rb1 g6 7. Bd3 Bg7 8. O-O
O-O 9. Qe2 Re8 10. e4 dxe4 11. Nxe4 Nxe4 12. Qxe4 Nf6 13. Qh4 Be6 14. Rbe1 Qxb2
15. Rxe6 fxe6 16. Bc4 Nd5 17. Qh3 Qxc2 18. Qxe6+ Kh8 19. Ne5 Rf8 20. Bd3 Qc3
21. Nxg6+ hxg6 22. Qxg6 Kg8 23. Qh7+ Kf7 24. Bf5 Ke8 25. Qg6+ Rf7 26. Be6 1-0

[Event "9. Copenhagen Open Politiken Cup"]
[Site "Copenhagen"]
[Date "1987.??.??"]
[Round "9"]
[White "Horvath, Gyula"]
[Black "Brinck Claussen, Bjorn"]
[Result "0-1"]
[WhiteElo "2435"]
[BlackElo "2395"]
[PlyCount "100"]
[EventDate "1987.??.??"]
[EventType "swiss"]
[EventRounds "10"]
[EventCountry "DEN"]
[SourceDate "2004.01.01"]

1. d4 Nf6 2. c4 c5 3. d5 g6 4. Nc3 d6 5. e4 Bg7 6. Bd3 O-O 7. h3 e6 8. Nge2
exd5 9. exd5 Nbd7 10. Ng3 Ne8 11. O-O Ne5 12. Be2 f5 13. f4 Ng4 14. hxg4 Bd4+
15. Rf2 Qh4 16. Qd3 fxg4 17. Nce4 Bf5 18. Nxf5 gxf5 19. Ng3 Nf6 20. Be3 Ne4 21.
Nh1 g3 22. Nxg3 Nxg3 23. Rf3 Rae8 24. Rxg3+ Qxg3 25. Bxd4 Qxd3 26. Bxd3 cxd4
27. Kf2 Kg7 28. Rd1 Re7 29. Be2 Rfe8 30. Bf3 b6 31. Rxd4 Re1 32. Rd2 Rc1 33. b3
Kg6 34. Be2 Re4 35. Bf3 Re7 36. Kg3 h5 37. Be2 Re3+ 38. Kf2 Re4 39. Bf3 Re7 40.
Kg3 Rh1 41. Be2 h4+ 42. Kf2 Re4 43. Bf3 Rxf4 44. Re2 h3 45. Kg3 Rh4 46. gxh3
R1xh3+ 47. Kf2 Rf4 48. Re3 Kg5 49. Kg2 Rfh4 50. Re6 Kf4 0-1

[Event "9. Copenhagen Open Politiken Cup"]
[Site "Copenhagen"]
[Date "1987.??.??"]
[Round "9"]
[White "Hvenekilde, Jorgen"]
[Black "Grooten, Herman"]
[Result "1-0"]
[WhiteElo "2295"]
[BlackElo "2340"]
[PlyCount "109"]
[EventDate "1987.??.??"]
[EventType "swiss"]
[EventRounds "10"]
[EventCountry "DEN"]
[SourceDate "2004.01.01"]

1. e4 c6 2. d4 d5 3. exd5 cxd5 4. c4 Nf6 5. Nc3 e6 6. Nf3 Bb4 7. Bd3 dxc4 8.
Bxc4 Qc7 9. Qb3 Bxc3+ 10. bxc3 O-O 11. O-O Nbd7 12. Ba3 Re8 13. Rfe1 Nb6 14.
Bf1 Bd7 15. c4 Red8 16. Rac1 Bc6 17. Bb2 Qf4 18. Qe3 Qxe3 19. Rxe3 Nbd7 20.
Rce1 Rab8 21. h3 Rdc8 22. Ba3 h6 23. Bd6 Ra8 24. Ne5 Nxe5 25. Bxe5 Ne8 26. Rd1
Rd8 27. Be2 Rac8 28. Ra3 a6 29. Bg4 Be4 30. Re1 f5 31. Be2 Kf7 32. Rb3 Bc6 33.
g4 fxg4 34. Bxg4 b5 35. d5 exd5 36. Rf3+ Nf6 37. Bxf6 gxf6 38. Bxc8 Rxc8 39.
cxb5 Bxb5 40. Rfe3 d4 41. Re7+ Kg6 42. R1e4 Rd8 43. Rg4+ Kf5 44. Ree4 d3 45.
Rgf4+ Kg5 46. Rd4 Rc8 47. h4+ Kg6 48. Rd6 Rc2 49. a4 Bc4 50. Rdxf6+ Kh5 51. Rd6
Rc3 52. Kh2 Bb3 53. f3 Rc5 54. Kg3 d2 55. Rff6 1-0

[Event "9. Copenhagen Open Politiken Cup"]
[Site "Copenhagen"]
[Date "1987.??.??"]
[Round "9"]
[White "Iskov, Gert"]
[Black "Hazai, Laszlo"]
[Result "0-1"]
[WhiteElo "2330"]
[BlackElo "2465"]
[PlyCount "66"]
[EventDate "1987.??.??"]
[EventType "swiss"]
[EventRounds "10"]
[EventCountry "DEN"]
[SourceDate "2004.01.01"]

1. e4 e5 2. Nf3 Nc6 3. Bb5 a6 4. Ba4 Nf6 5. O-O Be7 6. Bxc6 dxc6 7. d3 Nd7 8.
Nbd2 f6 9. Nh4 g6 10. Nc4 Nc5 11. f4 exf4 12. Bxf4 Be6 13. Qf3 Bxc4 14. dxc4
Qd4+ 15. Kh1 O-O-O 16. b3 Nxe4 17. Qe2 f5 18. Nf3 Qd7 19. a3 Bf6 20. Rae1 Rhe8
21. Qe3 Ng3+ 22. hxg3 Rxe3 23. Rxe3 Re8 24. Rd3 Qe7 25. a4 g5 26. Re3 Qxe3 27.
Bxe3 Rxe3 28. Ng1 g4 29. Rxf5 Bd4 30. c3 Bxc3 31. Rf4 h5 32. Rf2 Re1 33. Re2
Rd1 0-1

[Event "9. Copenhagen Open Politiken Cup"]
[Site "Copenhagen"]
[Date "1987.??.??"]
[Round "9"]
[White "Jacobsen, Bo"]
[Black "Rodgaard, John"]
[Result "1-0"]
[WhiteElo "2285"]
[BlackElo "2370"]
[PlyCount "111"]
[EventDate "1987.??.??"]
[EventType "swiss"]
[EventRounds "10"]
[EventCountry "DEN"]
[SourceDate "2004.01.01"]

1. c4 e6 2. Nf3 a6 3. e3 Nf6 4. b3 b6 5. g3 Bb7 6. Bg2 Be7 7. O-O O-O 8. Qe2
Ra7 9. Bb2 c5 10. Nc3 Ne4 11. Rfd1 d6 12. Nxe4 Bxe4 13. d3 Ba8 14. e4 Nd7 15.
d4 Qb8 16. e5 cxd4 17. exd6 Bxd6 18. Nxd4 Bxg2 19. Kxg2 Qb7+ 20. Qf3 Be5 21.
Rd2 Rc8 22. Rad1 h6 23. Ba3 Nf6 24. Qxb7 Rxb7 25. Nf3 Bc7 26. Be7 b5 27. Bxf6
gxf6 28. cxb5 Rxb5 29. Rc2 Rd8 30. Rdc1 Bb6 31. Rc8 Rxc8 32. Rxc8+ Kg7 33. Ra8
a5 34. Nd2 Bc5 35. Nc4 Bb4 36. Ra7 Kg6 37. Rd7 Rf5 38. a3 Bc3 39. Rd3 Be1 40.
Kf1 Bxf2 41. Nd6 Rh5 42. Kxf2 Rxh2+ 43. Ke3 h5 44. Nc4 h4 45. gxh4 e5 46. Nxa5
f5 47. b4 e4 48. Rb3 Kf6 49. b5 Ke5 50. Nc6+ Ke6 51. Rb1 Rh3+ 52. Kf2 f4 53. b6
e3+ 54. Kg2 Rg3+ 55. Kh2 e2 56. Nd4+ 1-0